000 00269nam a2200097Ia 4500
082 _aEF RIVE
245 0 _aHer daughter's dream
100 _a Rivers, Francine, Vereeniging [South Africa], 2010
_978260
942 _cBK
008 210817s9999 xx 000 0 und d
999 _c306828
_d306827